[Event "23rd OIBM 2019"]
[Site "Gmund am Tegernsee"]
[Date "2019.10.26"]
[Round "1.1"]
[White "Prraneeth Vuppala"]
[Black "Kamsky, Gata"]
[Result "1/2-1/2"]
[WhiteElo "2149"]
[BlackElo "2685"]
[Annotator "TA"]
[PlyCount "71"]
[EventDate "2019.10.17"]
[EventType "swiss"]
[EventCountry "GER"]
[SourceTitle "playchess.com"]
[Source "ChessBase"]
[SourceQuality "1"]

{[%evp 9,71,28,37,32,30,14,13,-67,-68,-60,-11,-10,-5,-26,-15,-14,0,-18,0,0,0,0,23,0,0,-87,0,0,0,0,0,0,0,0,43,5,4,0,0,0,0,-7,-2,-6,0,0,0,0,-2,-12,0,0,0,-5,0,0,0,0,0,0,0,0,0,0]} 1. d4 Nf6 2. c4 e6 3. g3 g6 (3... Bb4+ 4. Bd2 Be7 5. Bg2 d5 6. Nf3 O-O 7. O-O c6 8. Qc2 Nbd7 9. Bf4 b6 10. Rd1 Ba6 11. cxd5 cxd5 12. Ne5 Nxe5 13. dxe5 Ng4 14. h3 g5 15. Bxg5 Nxe5 16. Bxe7 Qxe7 17. e4 dxe4 18. Qxe4 {½-½ (32) Yu,Y (2751)-Ding,L (2809) Shenzhen 2019}) 4. Bg2 Bg7 5. Nf3 O-O 6. Nc3 {E00: Catalan Bogo-Indian (3 g3 Bb4+)} d5 7. Qd3 b6 $146 ({Predecessor:} 7... Nc6 8. O-O Nb4 9. Qd1 dxc4 10. Ne5 Ne8 11. Nxc4 Qxd4 {0-1 (39) Kozlov,D (2164)-Timofeev,A (2588) Kazan 2018}) 8. h4 ({Better is} 8. cxd5 $11 Ba6 9. Qc2 Nxd5 10. Bg5) 8... Ba6 $1 $15 9. b3 Nbd7 10. Ba3 c5 11. O-O Rc8 12. Nb5 Bxb5 13. cxb5 Ne4 14. Rac1 Re8 15. e3 Qf6 16. Bb2 Qf5 17. Rfd1 (17. Qe2 $11 {keeps the balance.}) 17... h6 (17... cxd4 $17 18. Bxd4 Bxd4 19. Qxd4 Ndf6) 18. Qe2 $11 g5 19. hxg5 hxg5 20. Nd2 Nxd2 21. Qxd2 Rc7 22. e4 dxe4 {The position is equal.} 23. Qe2 Nf6 24. dxc5 Rxc5 25. Bxf6 Rxc1 26. Rxc1 {[#] Hoping for Bxg7.} Qxf6 27. Rc7 Qa1+ 28. Kh2 Qb2 29. Qe3 Qd4 30. Qe2 Rd8 31. Bxe4 Qd2 32. Qf3 Rd7 33. Rc8+ Rd8 34. Rc7 Rd7 35. Rc8+ Rd8 $1 {[%cal Rd8c8]} 36. Rc7 {Accuracy: White = 58%, Black = 56%.} 1/2-1/2

[Event "23rd OIBM 2019"]
[Site "Gmund am Tegernsee"]
[Date "2019.10.26"]
[Round "1.2"]
[White "Eljanov, Pavel"]
[Black "Biro, Sandor"]
[Result "1-0"]
[WhiteElo "2663"]
[BlackElo "2147"]
[Annotator "TA"]
[PlyCount "59"]
[EventDate "2019.10.17"]
[EventType "swiss"]
[EventCountry "GER"]
[SourceTitle "playchess.com"]
[Source "ChessBase"]
[SourceQuality "1"]

{[%evp 9,59,103,124,78,153,103,107,108,145,121,139,128,166,161,159,152,216,202,241,247,245,232,289,279,342,337,430,423,395,374,625,585,603,602,682,666,650,543,619,359,354,350,343,354,324,234,212,171,721,734,748,743]} 1. d4 Nf6 2. c4 e5 3. dxe5 Ne4 4. Nf3 Nc6 5. a3 a5 6. Bf4 {A51: Budapest Gambit, Fajarowicz Variation} f6 ({Black should play} 6... d6) 7. Qd5 Nc5 8. Nc3 {White is better.} Ne6 9. e3 $146 ({Predecessor:} 9. exf6 Qxf6 10. Bg3 d6 11. e3 g5 12. h4 g4 13. Nd2 h5 {1-0 (26) Matveeva,S (2405)-Stefanova,A (2360) Belgrade 1994}) 9... fxe5 10. Nxe5 Bd6 11. Nd3 Bxf4 12. Nxf4 {Threatens to win with Qh5+.} Nxf4 (12... Qf6 $16 13. Bd3 O-O) 13. exf4 $18 Ne7 14. Qh5+ g6 15. Qe5 O-O 16. c5 h6 17. O-O-O Rf5 18. Bc4+ Kh7 19. Qe3 b6 $2 {[#]} (19... Qf8 20. Rhe1 Nc6) 20. Rhe1 Nc6 21. Nd5 {[%cal Bc3d5,Bd5e7,Be7c6,Bc6d4][%mdl 32]} bxc5 22. g4 Rf8 {If Black can now play ...d6 this consolidates a bit.} 23. Qxc5 Ba6 24. Ne7 Bxc4 25. Nxc6 {[%mdl 64] [#] Pin} Qf6 26. Rxd7+ ({Don't do} 26. Qxc4 Qxc6 27. Qxc6 dxc6 $18) 26... Rf7 27. Ree7 Qxf4+ 28. Kb1 {And now Ne5! would win.} Bb3 $2 (28... Re8) 29. Nd4 Rxe7 30. Qxe7+ {Accuracy: White = 64%, Black = 33%.} 1-0

[Event "23rd OIBM 2019"]
[Site "Gmund am Tegernsee"]
[Date "2019.10.26"]
[Round "1.3"]
[White "Minko, Dmitry"]
[Black "Demchenko, Anton"]
[Result "0-1"]
[WhiteElo "2143"]
[BlackElo "2655"]
[Annotator "TA"]
[PlyCount "92"]
[EventDate "2019.10.17"]
[EventType "swiss"]
[EventCountry "GER"]
[SourceTitle "playchess.com"]
[Source "ChessBase"]
[SourceQuality "1"]

{[%evp 25,91,7,14,-32,0,0,0,0,0,0,0,8,74,26,32,31,36,33,23,45,31,37,35,47,34,29,31,20,81,20,33,0,22,0,0,-36,0,0,94,86,70,-526,-454,-441,-398,-508,-448,-858,-807,-1604,-1560,-1428,-1351,-1664,-1535,-1426,-920,-1111,-963,-2899,-2647,-12839,-12840,-29984,-29985,-29984,-29985,-29993]} 1. e4 c5 2. Nf3 d6 3. d4 cxd4 4. Nxd4 Nf6 5. Nc3 Nc6 6. Bg5 e6 7. Qd2 a6 8. O-O-O Be7 9. f3 Nxd4 10. Qxd4 Qc7 ({Predecessor:} 10... b5 11. Kb1 Bb7 12. h4 Rc8 13. Qd2 Qc7 14. Bd3 O-O {0-1 (30) Escandell Mari,J (2273)-Aloma Vidal,R (2431) Catalunya 2012}) 11. Kb1 b5 12. g4 O-O 13. h4 Bb7 14. Qd2 {B63: Sicilian: Richter-Rauzer: 7...Be7 and unusual Black 7th moves} Rac8 (14... Rfc8 $5 {[%cal Rb5b4]}) 15. Bd3 b4 $146 (15... Rfd8 16. Ne2 b4 17. Nd4 a5 18. Qe1 e5 19. Nf5 d5 20. h5 dxe4 21. fxe4 h6 {0-1 (53) Quesada Perez,Y (2596)-Delgado Ramirez,N (2572) Havana 2009}) 16. Ne2 {The position is equal.} d5 {[%cal Rd5e4]} 17. e5 $1 {[%cal Re5f6]} Ne4 $1 {[%cal Re4d2]} 18. Qe1 $1 ({Of course not} 18. fxe4 dxe4 19. Bxe7 exd3 $17) 18... Rfe8 ({But not} 18... Nxg5 $6 19. hxg5 h6 20. gxh6 $16) (18... Nc5 $11) 19. Nd4 ({Inferior is} 19. fxe4 dxe4 20. Rf1 exd3 $17) 19... Bc5 20. Be3 Qxe5 21. fxe4 {Strongly threatening Nf3.} Bxd4 22. Bxd4 Qxd4 {[#]} 23. Bb5 $1 {[%mdl 512]} Qxe4 (23... axb5 24. Rxd4) 24. Qxe4 dxe4 25. Bxe8 Rxe8 $14 {[%mdl 4096] Endgame KRR-KRB} 26. Rd7 Bc6 (26... Bc8 $11 {remains equal.} 27. Rc7 f5) 27. Rd6 ({White should try} 27. Rc7 $16 Bd5 28. g5) 27... Rc8 $11 28. Rhd1 {And now Rd8+ would win.} Kf8 (28... Bd5 {feels hotter.} 29. Re1 a5 30. Kc1 Bxa2 31. Rxe4 h6) 29. Rd8+ (29. R6d4 $11) 29... Rxd8 $15 30. Rxd8+ $11 {KR-KB} Ke7 31. Rg8 g6 {[#]} (31... e3 $11 {keeps the balance.} 32. Kc1 Kf6) 32. g5 $1 $16 {[%mdl 1024] White has strong compensation.} f5 33. Rg7+ $2 {[%mdl 8192]} (33. gxf6+ $1 $14 Kxf6 34. Kc1) 33... Kf8 34. Rc7 Bb5 35. Kc1 f4 36. c4 (36. Rc8+ $142 Ke7 37. Rc7+ Ke8 38. Rc8+ Kd7 39. Rf8) 36... bxc3 $1 $19 37. a4 cxb2+ 38. Kxb2 Be2 39. Kc3 e3 40. Kd4 Bd1 {...e2 is the strong threat.} 41. Kd3 Bxa4 42. Ke2 e5 43. h5 e4 44. Rxh7 Bb5+ 45. Kd1 f3 46. Ke1 {Accuracy: White = 30%, Black = 58%.} f2+ 0-1

[Event "23rd OIBM 2019"]
[Site "Gmund am Tegernsee"]
[Date "2019.10.26"]
[Round "1.4"]
[White "Sethuraman, S.P."]
[Black "Andersen, Jens Knud"]
[Result "1-0"]
[WhiteElo "2624"]
[BlackElo "2142"]
[Annotator "TA"]
[PlyCount "57"]
[EventDate "2019.10.17"]
[EventType "swiss"]
[EventCountry "GER"]
[SourceTitle "playchess.com"]
[Source "ChessBase"]
[SourceQuality "1"]

{[%evp 12,57,38,29,30,20,13,0,6,-4,52,41,53,59,169,171,163,170,177,172,166,163,196,186,190,195,175,169,198,187,185,183,300,288,397,291,291,295,283,281,363,364,347,283,290,291,272,275]} 1. e4 Nc6 2. Nf3 d6 3. d4 Nf6 4. Nc3 g6 5. h3 Bg7 6. Be3 O-O 7. d5 Nb8 {B08: Pirc Defence: Classical System} 8. Be2 (8. Bc4 a6 9. a4 e6 10. dxe6 Bxe6 11. Bxe6 fxe6 12. e5 dxe5 13. Qxd8 Rxd8 {1-0 (53) Svidler,P (2737)-Zubov,A (2597) St Petersburg 2018}) 8... c6 9. a4 b6 $146 {The position is equal.} ({Predecessor:} 9... cxd5 10. exd5 b6 11. O-O Bb7 12. Re1 Na6 13. Bxa6 Bxa6 14. Nb5 Qd7 15. c4 Bxb5 16. axb5 {1-0 (50) Pourramezanali,A (2496)-Mammadova,G (2350) Nakhchivan 2019}) 10. Nd4 Bb7 ({Black should play} 10... cxd5 $11 11. exd5 Bb7) 11. a5 $1 $14 bxa5 {[%cal Rc6d5]} 12. Nb3 $1 $36 {[%mdl 2048] White has some pressure.} Nxe4 (12... a4 $14 13. Rxa4 cxd5) 13. Nxe4 $18 cxd5 {[#]} 14. Nc3 $1 Nc6 15. O-O ({Resist} 15. Qxd5 $6 Nd4 $14) 15... e6 16. Qd2 Re8 17. Bb5 Qc7 18. Bxc6 Bxc6 19. Nxa5 Bd7 20. Bd4 f6 21. Ra2 Rac8 (21... Qb8 {was called for.} 22. Be3 f5) 22. Nb3 e5 23. Nxd5 Qxc2 24. Qxc2 Rxc2 25. Bc3 ({Much less strong is} 25. Bxa7 Be6 $16) 25... Be6 26. Ra5 Rb8 27. Na1 {White has a decisive advantage.} Re2 28. Rd1 Rb7 29. Ne3 {Accuracy: White = 82%, Black = 51%.} 1-0

[Event "23rd OIBM 2019"]
[Site "Gmund am Tegernsee"]
[Date "2019.10.26"]
[Round "1.5"]
[White "Ramaraju, N."]
[Black "Gareyev, Timur"]
[Result "0-1"]
[WhiteElo "2139"]
[BlackElo "2591"]
[Annotator "ChessBase"]
[PlyCount "44"]
[EventDate "2019.10.17"]
[EventType "swiss"]
[EventCountry "GER"]
[SourceTitle "playchess.com"]
[Source "ChessBase"]
[SourceQuality "1"]
[TimeControl "40/5400+30:1800+30"]

1. c4 {[%emt 0:02:56]} e5 {[%emt 0:03:40]} 2. Nc3 {[%emt 0:00:32]} Bb4 {[%emt 0:00:06]} 3. Nd5 {[%emt 0:02:47]} a5 {[%emt 0:00:02]} 4. a3 {[%emt 0:02:48]} Bc5 {[%emt 0:00:42]} 5. e3 {[%emt 0:00:36]} d6 {[%emt 0:00:34]} 6. d4 {[%emt 0:03:18]} Ba7 {[%emt 0:00:02]} 7. dxe5 {[%emt 0:01:05]} dxe5 {[%emt 0:00:03]} 8. Nf3 {[%emt 0:00:27]} e4 {[%emt 0:01:23]} 9. Nd2 {[%emt 0:03:43]} Bf5 {[%emt 0:02:55]} 10. Qc2 {[%emt 0:03:32]} Nf6 {[%emt 0:05:01]} 11. Nc3 {[%emt 0:06:02]} O-O {[%emt 0:02:47]} 12. Be2 {[%emt 0:00:21]} Nbd7 {[%emt 0:00:57]} 13. O-O {[%emt 0:01:42]} Ne5 {[%emt 0:01:16]} 14. Rd1 {[%emt 0:02:29]} Qe7 {[%emt 0:00:34]} 15. Ndxe4 {[%emt 0:14:03]} Nxe4 {[%emt 0:00:35]} 16. Nxe4 {[%emt 0:00:03]} Rad8 {[%emt 0:01:14]} 17. Re1 {[%emt 0:06:14]} Qh4 {[%emt 0:00:33]} 18. Bf3 {[%emt 0:01:21]} Rfe8 {[%emt 0:00:03]} 19. Qe2 {[%emt 0:21:47]} Bxe4 {[%emt 0:00:45]} 20. Bxe4 {[%emt 0:00:23]} Qxe4 {[%emt 0:00:02]} 21. b3 {[%emt 0:00:42]} Nd3 {[%emt 0:00:02]} 22. Rd1 {[%emt 0:00:10]} Nf4 {[%emt 0:00:02]} 0-1

[Event "23rd OIBM 2019"]
[Site "Gmund am Tegernsee"]
[Date "2019.10.26"]
[Round "1.6"]
[White "Azarov, Sergei"]
[Black "Huenerfauth, Uwe"]
[Result "1-0"]
[WhiteElo "2586"]
[BlackElo "2138"]
[Annotator "ChessBase"]
[PlyCount "53"]
[EventDate "2019.10.17"]
[EventType "swiss"]
[EventCountry "GER"]
[SourceTitle "playchess.com"]
[Source "ChessBase"]
[SourceQuality "1"]
[TimeControl "40/5400+30:1800+30"]

1. e4 {[%emt 0:00:00]} e5 {[%emt 0:00:00]} 2. Nf3 {[%emt 0:00:00]} Nc6 {[%emt 0:00:00]} 3. Bb5 {[%emt 0:00:00]} Nge7 {[%emt 0:00:03]} 4. c3 {[%emt 0:01:31]} g6 {[%emt 0:00:19]} 5. d4 {[%emt 0:00:23]} exd4 {[%emt 0:00:29]} 6. cxd4 {[%emt 0:00:25]} d5 {[%emt 0:00:14]} 7. Bxc6+ {[%emt 0:08:20]} bxc6 {[%emt 0:02:34]} 8. e5 {[%emt 0:00:10]} Bg7 {[%emt 0:04:32]} 9. O-O {[%emt 0:01:12]} O-O {[%emt 0:05:11]} 10. h3 {[%emt 0:01:28]} Rb8 {[%emt 0:10:21]} 11. b3 {[%emt 0:04:29]} f6 {[%emt 0:18:56]} 12. Nc3 {[%emt 0:03:06]} fxe5 {[%emt 0:09:29]} 13. Nxe5 {[%emt 0:01:59]} Qd6 {[%emt 0:03:44]} 14. Na4 {[%emt 0:04:30]} Rb4 {[%emt 0:16:23]} 15. Ba3 {[%emt 0:07:41]} Rxd4 {[%emt 0:02:11]} 16. Qxd4 {[%emt 0:16:22]} Qxa3 {[%emt 0:02:36]} 17. f4 {[%emt 0:00:14]} Nf5 {[%emt 0:03:28]} 18. Qd3 {[%emt 0:03:13]} Qd6 {[%emt 0:01:27]} 19. Rac1 {[%emt 0:00:22]} Ne7 {[%emt 0:01:08]} 20. Qc2 {[%emt 0:01:39]} Bf5 {[%emt 0:04:15]} 21. Qc5 {[%emt 0:01:13]} Bxe5 {[%emt 0:02:18]} 22. fxe5 {[%emt 0:02:48]} Qxe5 {[%emt 0:00:10]} 23. Rce1 {[%emt 0:01:41]} Be4 {[%emt 0:00:19]} 24. Rxf8+ {[%emt 0:00:58]} Kxf8 {[%emt 0:00:02]} 25. Nc3 {[%emt 0:01:04]} Qg3 {[%emt 0:02:25]} 26. Re2 {[%emt 0:00:27]} Qd3 {[%emt 0:04:06]} 27. Re3 {[%emt 0:01:36]} 1-0

[Event "23rd OIBM 2019"]
[Site "Gmund am Tegernsee"]
[Date "2019.10.26"]
[Round "1.7"]
[White "Babar, Michael"]
[Black "Santos Latasa, Jaime"]
[Result "0-1"]
[WhiteElo "2137"]
[BlackElo "2580"]
[Annotator "ChessBase"]
[PlyCount "66"]
[EventDate "2019.10.17"]
[EventType "swiss"]
[EventCountry "GER"]
[SourceTitle "playchess.com"]
[Source "ChessBase"]
[SourceQuality "1"]
[TimeControl "40/5400+30:1800+30"]

1. e4 {[%emt 0:00:00]} c5 {[%emt 0:00:00]} 2. Nf3 {[%emt 0:00:17]} Nc6 {[%emt 0:00:00]} 3. Bb5 {[%emt 0:00:56]} Nf6 {[%emt 0:00:48]} 4. Bxc6 {[%emt 0:01:31]} dxc6 {[%emt 0:00:10]} 5. Qe2 {[%emt 0:00:22]} g6 {[%emt 0:01:15]} 6. O-O {[%emt 0:00:40]} Bg7 {[%emt 0:00:05]} 7. d3 {[%emt 0:02:00]} Nd7 {[%emt 0:00:48]} 8. Nbd2 {[%emt 0:01:12]} e5 {[%emt 0:03:10]} 9. Nc4 {[%emt 0:07:21]} Qe7 {[%emt 0:03:26]} 10. a4 {[%emt 0:00:21]} Nf8 {[%emt 0:04:17]} 11. c3 {[%emt 0:12:17]} Bg4 {[%emt 0:03:28]} 12. h3 {[%emt 0:04:26]} Bxf3 {[%emt 0:00:06]} 13. Qxf3 {[%emt 0:00:02]} Ne6 {[%emt 0:00:09]} 14. Be3 {[%emt 0:15:52]} O-O {[%emt 0:00:45]} 15. Qg3 {[%emt 0:04:02]} Qc7 {[%emt 0:01:34]} 16. f4 {[%emt 0:04:43]} exf4 {[%emt 0:00:12]} 17. Bxf4 {[%emt 0:00:02]} Nxf4 {[%emt 0:00:10]} 18. Qxf4 {[%emt 0:00:06]} Qxf4 {[%emt 0:00:20]} 19. Rxf4 {[%emt 0:00:02]} Rad8 {[%emt 0:00:29]} 20. Rf3 {[%emt 0:00:27]} Rd7 {[%emt 0:00:27]} 21. Kf2 {[%emt 0:00:45]} b6 {[%emt 0:00:41]} 22. g4 {[%emt 0:02:18]} Re8 {[%emt 0:00:36]} 23. Ke2 {[%emt 0:03:28]} Re6 {[%emt 0:03:07]} 24. Ne3 {[%emt 0:19:32]} Bf6 {[%emt 0:01:45]} 25. Nc4 {[%emt 0:01:01]} Bg5 {[%emt 0:00:43]} 26. Ne3 {[%emt 0:01:27]} Kg7 {[%emt 0:00:35]} 27. Nc4 {[%emt 0:00:10]} b5 {[%emt 0:00:34]} 28. axb5 {[%emt 0:01:58]} cxb5 {[%emt 0:00:33]} 29. Ne3 {[%emt 0:02:42]} c4 {[%emt 0:00:50]} 30. Rd1 {[%emt 0:00:50]} cxd3+ {[%emt 0:00:40]} 31. Rxd3 {[%emt 0:00:13]} Rde7 {[%emt 0:00:05]} 32. Rd5 {[%emt 0:00:57]} h6 {[%emt 0:00:14]} 33. Kd3 {[%emt 0:10:10]} Rxe4 {[%emt 0:00:32] Kd4} 0-1

[Event "23rd OIBM 2019"]
[Site "Gmund am Tegernsee"]
[Date "2019.10.26"]
[Round "1.8"]
[White "Peralta, Fernando"]
[Black "Viebahn, Dirk"]
[Result "1-0"]
[WhiteElo "2569"]
[BlackElo "2137"]
[Annotator "RC"]
[PlyCount "61"]
[EventDate "2019.10.17"]
[EventType "swiss"]
[EventCountry "GER"]
[SourceTitle "playchess.com"]
[Source "ChessBase"]
[SourceQuality "1"]
[TimeControl "40/5400+30:1800+30"]

1. d4 {[%emt 0:00:00]} Nf6 {[%emt 0:00:00]} 2. c4 {[%emt 0:00:00]} g6 {[%emt 0:00:00]} 3. Nc3 {[%emt 0:00:00]} d5 {[%emt 0:00:09]} 4. cxd5 {[%emt 0:00:16]} Nxd5 {[%emt 0:00:10]} 5. e4 {[%emt 0:00:04]} Nxc3 {[%emt 0:00:13]} 6. bxc3 {[%emt 0:00:05]} Bg7 {[%emt 0:00:13]} 7. Bc4 {[%emt 0:00:13]} c5 {[%emt 0:00:26]} 8. Ne2 {[%emt 0:00:05]} Nc6 {[%emt 0:01:51]} 9. Be3 {[%emt 0:00:11]} O-O {[%emt 0:00:35]} 10. O-O {[%emt 0:00:06]} Bg4 {[%emt 0:03:41]} 11. f3 {[%emt 0:00:12]} Bd7 {[%emt 0:00:41]} 12. Rb1 {[%emt 0:00:18]} Na5 {[%emt 0:05:45]} 13. Bd3 {[%emt 0:00:14]} cxd4 {[%emt 0:01:35]} 14. cxd4 {[%emt 0:00:07]} a6 {[%emt 0:03:15]} 15. d5 {[%emt 0:04:24]} b5 {[%emt 0:00:54]} 16. Qd2 {[%emt 0:00:24]} Rc8 {[%emt 0:06:16]} 17. Rfc1 {[%emt 0:01:56]} f5 {[%emt 0:06:27]} 18. Rxc8 {[%emt 0:14:11]} Bxc8 {[%emt 0:00:13]} 19. a4 {[%emt 0:01:02]} fxe4 {[%emt 0:02:53]} 20. fxe4 {[%emt 0:00:07]} Bd7 {[%emt 0:09:43]} 21. axb5 {[%emt 0:05:17]} axb5 {[%emt 0:01:23]} 22. Qa2 {[%emt 0:12:46]} Nb7 {[%emt 0:14:11]} 23. Nd4 {[%emt 0:07:51]} Nd6 {[%emt 0:10:16]} 24. Nc6 {[%emt 0:00:53]} Bxc6 {[%emt 0:08:26]} 25. dxc6+ {[%emt 0:00:09]} Kh8 {[%emt 0:00:13]} 26. Qd5 {[%emt 0:13:20]} Qa5 {[%emt 0:12:47]} 27. e5 {[%emt 0:05:46]} Nf5 {[%emt 0:06:58]} 28. Bxf5 {[%emt 0:18:32]} Rxf5 {[%emt 0:01:49]} 29. Qxb5 {[%emt 0:04:47]} Qc3 {[%emt 0:02:24]} 30. Qc5 {[%emt 0:00:32]} Qxc5 {[%emt 0:00:58]} 31. Rb8+ {[%emt 0:00:15]} 1-0

[Event "23rd OIBM 2019"]
[Site "Gmund am Tegernsee"]
[Date "2019.10.26"]
[Round "1.9"]
[White "Tillmann, Markus"]
[Black "Idani, Pouya"]
[Result "0-1"]
[WhiteElo "2136"]
[BlackElo "2568"]
[Annotator "ChessBase"]
[PlyCount "56"]
[EventDate "2019.10.17"]
[EventType "swiss"]
[EventCountry "GER"]
[SourceTitle "playchess.com"]
[Source "ChessBase"]
[SourceQuality "1"]
[TimeControl "40/5400+30:1800+30"]

1. Nf3 {[%emt 0:03:39]} c5 {[%emt 0:00:00]} 2. g3 {[%emt 0:01:04]} g6 {[%emt 0:00:00]} 3. Bg2 {[%emt 0:00:08]} Bg7 {[%emt 0:00:01]} 4. Nc3 {[%emt 0:00:32]} Nc6 {[%emt 0:00:11]} 5. O-O {[%emt 0:01:01]} d6 {[%emt 0:03:11]} 6. e4 {[%emt 0:03:10]} e5 {[%emt 0:00:23]} 7. Nd5 {[%emt 0:01:19]} Nge7 {[%emt 0:00:23]} 8. Nxe7 {[%emt 0:03:57]} Qxe7 {[%emt 0:00:42]} 9. d3 {[%emt 0:00:47]} O-O {[%emt 0:00:16]} 10. c3 {[%emt 0:02:42]} f5 {[%emt 0:00:28]} 11. exf5 {[%emt 0:02:06]} gxf5 {[%emt 0:03:58]} 12. Ng5 {[%emt 0:04:23]} Qe8 {[%emt 0:07:58]} 13. Bd5+ {[%emt 0:04:24]} Kh8 {[%emt 0:00:05]} 14. f4 {[%emt 0:00:36]} h6 {[%emt 0:01:20]} 15. Nf3 {[%emt 0:02:58]} Ne7 {[%emt 0:02:46]} 16. Qb3 {[%emt 0:06:29]} Bd7 {[%emt 0:07:42]} 17. a4 {[%emt 0:06:36]} Nxd5 {[%emt 0:11:04]} 18. Qxd5 {[%emt 0:00:06]} e4 {[%emt 0:05:54]} 19. Nh4 {[%emt 0:06:05]} Bc6 {[%emt 0:09:21]} 20. Qxd6 {[%emt 0:10:38]} Bf6 {[%emt 0:03:56]} 21. Ng2 {[%emt 0:03:26]} Rd8 {[%emt 0:00:33]} 22. Qxc5 {[%emt 0:00:34]} exd3 {[%emt 0:00:07]} 23. Qe3 {[%emt 0:07:23]} Qd7 {[%emt 0:00:52]} 24. Bd2 {[%emt 0:05:18]} Rfe8 {[%emt 0:00:29]} 25. Qxa7 {[%emt 0:00:15]} Qd5 {[%emt 0:00:18]} 26. Rf2 {[%emt 0:01:16]} Re2 {[%emt 0:00:05]} 27. Qb6 {[%emt 0:17:23]} Rde8 {[%emt 0:01:32]} 28. Rd1 {[%emt 0:01:23]} Rxf2 {[%emt 0:00:32]} 0-1

[Event "23rd OIBM 2019"]
[Site "Gmund am Tegernsee"]
[Date "2019.10.26"]
[Round "1.10"]
[White "Bernadskiy, Vitaliy"]
[Black "Gschwendtner, Klaus"]
[Result "1-0"]
[WhiteElo "2554"]
[BlackElo "2133"]
[Annotator "ChessBase"]
[PlyCount "93"]
[EventDate "2019.10.17"]
[EventType "swiss"]
[EventCountry "GER"]
[SourceTitle "playchess.com"]
[Source "ChessBase"]
[SourceQuality "1"]
[TimeControl "40/5400+30:1800+30"]

1. e4 {[%emt 0:06:13]} e5 {[%emt 0:00:00]} 2. Nf3 {[%emt 0:00:07]} Nc6 {[%emt 0:00:05]} 3. Bb5 {[%emt 0:00:31]} a6 {[%emt 0:00:28]} 4. Ba4 {[%emt 0:00:10]} d6 {[%emt 0:00:21]} 5. d4 {[%emt 0:01:15]} b5 {[%emt 0:01:12]} 6. Bb3 {[%emt 0:00:08]} Nxd4 {[%emt 0:02:11]} 7. Nxd4 {[%emt 0:00:45]} exd4 {[%emt 0:00:02]} 8. c3 {[%emt 0:01:02]} dxc3 {[%emt 0:04:48]} 9. Nxc3 {[%emt 0:07:18]} Nf6 {[%emt 0:01:06]} 10. e5 {[%emt 0:05:35]} dxe5 {[%emt 0:03:50]} 11. Bxf7+ {[%emt 0:02:29]} Ke7 {[%emt 0:00:31]} 12. Qxd8+ {[%emt 0:00:13]} Kxd8 {[%emt 0:00:02]} 13. Bg5 {[%emt 0:00:06]} Bb7 {[%emt 0:04:27]} 14. O-O-O+ {[%emt 0:01:07]} Bd6 {[%emt 0:03:09]} 15. Rhe1 {[%emt 0:05:46]} Rf8 {[%emt 0:09:03]} 16. Bb3 {[%emt 0:01:15]} Bxg2 {[%emt 0:08:06]} 17. f4 {[%emt 0:01:37]} exf4 {[%emt 0:05:30]} 18. Bxf4 {[%emt 0:00:04]} Ne8 {[%emt 0:01:11]} 19. Bg5+ {[%emt 0:04:05]} Nf6 {[%emt 0:02:44]} 20. Rg1 {[%emt 0:01:28]} Bc6 {[%emt 0:04:34]} 21. Bh4 {[%emt 0:04:00]} Kc8 {[%emt 0:05:18]} 22. Rxg7 {[%emt 0:00:22]} Bxh2 {[%emt 0:02:26]} 23. Bf7 {[%emt 0:01:25]} Bf4+ {[%emt 0:05:54]} 24. Kc2 {[%emt 0:00:56]} Ne4 {[%emt 0:01:47]} 25. Nd5 {[%emt 0:04:19]} Bd6 {[%emt 0:09:23]} 26. Be7 {[%emt 0:02:21]} Rh8 {[%emt 0:04:59]} 27. Re1 {[%emt 0:02:36]} Nc5 {[%emt 0:10:45]} 28. Bxd6 {[%emt 0:00:32]} cxd6 {[%emt 0:00:07]} 29. Nb6+ {[%emt 0:02:58]} Kb8 {[%emt 0:00:37]} 30. Re7 {[%emt 0:00:34]} Ra7 {[%emt 0:01:08]} 31. Rxa7 {[%emt 0:00:31]} Kxa7 {[%emt 0:00:01]} 32. Nd5 {[%emt 0:00:04]} Rb8 {[%emt 0:03:59]} 33. Ne7 {[%emt 0:02:09]} Be4+ {[%emt 0:00:22]} 34. Kc3 {[%emt 0:00:01]} Rb7 {[%emt 0:00:11]} 35. Nc8+ {[%emt 0:00:06]} Kb8 {[%emt 0:00:47]} 36. Nxd6 {[%emt 0:00:05]} Rd7 {[%emt 0:01:44]} 37. b4 {[%emt 0:05:32]} Na4+ {[%emt 0:01:10]} 38. Kd4 {[%emt 0:00:06]} Rxd6+ {[%emt 0:00:16]} 39. Kxe4 {[%emt 0:00:07]} Rh6 {[%emt 0:01:07]} 40. Ke5 {[%emt 0:02:36]} Nb6 {[%emt 0:01:02]} 41. Kd4 {[%emt 0:30:36]} Rh4+ {[%emt 0:32:59]} 42. Kc5 {[%emt 0:00:11]} Nd7+ {[%emt 0:00:00]} 43. Kd6 {[%emt 0:00:00]} Rd4+ {[%emt 0:00:00]} 44. Ke7 {[%emt 0:00:00]} Kc7 {[%emt 0:00:00]} 45. Be6 {[%emt 0:00:00]} Re4 {[%emt 0:00:00]} 46. Rxh7 {[%emt 0:00:00]} Rxe6+ {[%emt 0:00:00]} 47. Kxe6 {[%emt 0:00:00]} 1-0